Biostatistics (Record no. 184512)

MARC details
000 -LEADER
fixed length control field 00489nam a2200205Ia 4500
008 - FIXED-LENGTH DATA ELEMENTS--GENERAL INFORMATION
fixed length control field 240823s9999||||xx |||||||||||||| ||und||
020 ## - INTERNATIONAL STANDARD BOOK NUMBER
International Standard Book Number 978-81-8488-460-9
082 ## - DEWEY DECIMAL CLASSIFICATION NUMBER
-- 574.191 P7
100 ## - MAIN ENTRY--PERSONAL NAME
Personal name Arora P N
245 #0 - TITLE STATEMENT
Title Biostatistics
250 ## - EDITION STATEMENT
Edition statement 1st
260 ## - PUBLICATION, DISTRIBUTION, ETC. (IMPRINT)
Date of publication, distribution, etc 2007
Name of publisher, distributor, etc "Himalaya Publishing House, Bombay,"
500 ## - GENERAL NOTE
General note YES
650 ## - SUBJECT ADDED ENTRY--TOPICAL TERM
Topical term or geographic name as entry element Bioststistics
700 ## - ADDED ENTRY--PERSONAL NAME
Personal name Malhan P K
942 ## - ADDED ENTRY ELEMENTS (KOHA)
Item type Books
Holdings
Withdrawn status Lost status Damaged status Permanent location Current location Date acquired Source of acquisition Cost, normal purchase price Full call number Barcode Checked out Date last seen Koha item type
      CENTRAL LIBRARY, NOORUL ISLAM CENTRE FOR HIGHER EDUCATION CENTRAL LIBRARY, NOORUL ISLAM CENTRE FOR HIGHER EDUCATION 04/22/2010 World Book House Chennai 325.00 574.191 P7 37327 08/20/2025 07/21/2025 Books
Visitors:
Copyright © 2024 Central Library NICHE.  All rights reserved.